Abeceda domáceho majstra (Record no. 21533)
[ view plain ]
| 000 -NÁVESTIE | |
|---|---|
| fixed length control field | 00322nam a2200145 4500 |
| 008 - ÚDAJE S PEVNOU DĹŽKOU – VŠEOBECNÉ INFORMÁCIE | |
| fixed length control field | 170717s2015||||xo d |
| 020 ## - MEDZINÁRODNÉ ŠTANDARDNÉ ČÍSLO KNIHY (ISBN) | |
| Údaje o dostupnosti | 0 |
| 041 1# - KÓD JAZYKA | |
| Kód jazyka textu/zvukovej stopy alebo samostatných nápisov | slo |
| 044 ## - KÓD KRAJINY VYDAVATEĽA/PRODUCENTA | |
| Kód krajiny MARC | xo |
| Kód krajiny ISO | SK |
| 245 10 - NÁZOV | |
| Názov | Abeceda domáceho majstra |
| 250 ## - ÚDAJ O PORADÍ VYDANIA | |
| Údaj o poradí vydania | 1. vydanie |
| 260 ## - VYDAVATEĽSKÉ ÚDAJE, DISTRIBÚCIA ATĎ. | |
| Názov vydavateľa, distibútora atď. | Príroda |
| Miesto publikovania, distribúcie atď. | Bratislava |
| Dátum publikovania, distribúcie atď. | 2015 |
| 300 ## - FYZICKÝ POPIS | |
| Rozsah | 351 s. |
| 958 ## - Formálny deskriptor | |
| Formálny deskriptor | A |
| Stav stiahnutia (Blokovanie) (Withrawn status) | Stav straty | Zdroj klasifikácie pre skladovanie | Stav poškodenia (Damaged status) | Nie pre výpožičky (Not for loan) | Spôsob nadobudnutia (Collection code) | Trvalé umiestnenie | Aktuálne umiestnenie | Dátum nadobudnutia | Inventárne číslo (prírastkové číslo) | Celkom výpožičky | Celkom prolongácie (predĺženia) | Full call number | Čiarový kód | Vypožičaných | Dátum posledného výskytu | Dátum poslednej výpôžičky | Cena s účinnosťou od | Typ jednotky Koha |
|---|---|---|---|---|---|---|---|---|---|---|---|---|---|---|---|---|---|---|
| Dar | Mestská knižnica Giraltovce | Mestská knižnica Giraltovce | 2017-07-17 | 19855 | 1 | 1 | T296 | T296 | 2026-06-17 | 2026-05-04 | 2026-05-04 | 2019-12-12 | Krásna literatúra pre dospelých |